00377nam a2200145Ia 4500008004100000020001500041041001200056082001600068100001900084245007600103250000800179260002200187300000800209650001400217221030s9999 xx 000 0 und d a9812530967 aEnglish a105.23bAnd aT. W. Anderson 3aAn Introduction to Multivariate Statistical Analysiscby T. W. Anderson a3rd bJohn Willeyc2006 a721 aMCA Maths